| 000 | 00614nam a2200205Ia 4500 | ||
|---|---|---|---|
| 005 | 20260122095413.0 | ||
| 008 | 260121s9999||||xx |||||||||||||| ||und|| | ||
| 020 | _a9789332578463 | ||
| 082 |
_a658.872 _bGAN |
||
| 100 | _aGanis, Matthew | ||
| 245 | 0 |
_aSocial media analytics : _btechiques and insights for extracting business value out of social media / |
|
| 250 | _a1st ed. | ||
| 260 |
_aNoida : _bPearson, _c2017. |
||
| 300 | _axxxi, 268p.; pbk | ||
| 650 | _aBusiness intelligence | ||
| 650 | _aMarketing analytics | ||
| 650 | _aSocial media—Data analysis | ||
| 700 | _aKohirkar, Avinash | ||
| 942 | _cTB | ||
| 999 |
_c47370 _d47370 |
||